Movies Quiz

Random Movies or Oscar Quiz

Oscar Nominees (1996) Quiz Stats

Quiz not verified by Sporcle

Challenge
Share
Tweet
Embed
Score 0/89 Timer 10:00
0 Plays Today
Hint Answer % Correct
PictureTHE ENGLISH PATIENT
98.2%
Adapted ScreenplayThe English Patient
98.2%
Art DirectionTHE ENGLISH PATIENT
98.2%
CinematographyTHE ENGLISH PATIENT
98.2%
Costume DesignTHE ENGLISH PATIENT
98.2%
Original Dramatic ScoreTHE ENGLISH PATIENT
98.2%
Film EditingTHE ENGLISH PATIENT
98.2%
SoundTHE ENGLISH PATIENT
98.2%
PictureJerry Maguire
96.5%
Original ScreenplayJerry Maguire
96.5%
Film EditingJerry Maguire
96.5%
ActorRalph Fiennes, The English Patient
96.1%
Supporting ActressJULIETTE BINOCHE, THE ENGLISH PATIENT
95.6%
ActorTom Cruise, Jerry Maguire
95%
Supporting ActorCUBA GOODING JR., JERRY MAGUIRE
94.9%
PictureFargo
94.3%
DirectorANTHONY MINGHELLA, THE ENGLISH PATIENT
94.3%
Original ScreenplayFARGO
94.3%
CinematographyFargo
94.3%
Film EditingFargo
94.3%
PictureShine
93.8%
ActressKristin Scott Thomas, The English Patient
93.8%
Original ScreenplayShine
93.8%
Original Dramatic ScoreShine
93.8%
Film EditingShine
93.8%
PictureSecrets & Lies
93.6%
Original ScreenplaySecrets & Lies
93.6%
DirectorJoel Coen, Fargo
92.9%
ActressFRANCES McDORMAND, FARGO
92.9%
ActorGEOFFREY RUSH, SHINE
92.2%
Hint Answer % Correct
Supporting ActorWilliam H. Macy, Fargo
92.2%
ActressBrenda Blethyn, Secrets & Lies
90.6%
DirectorMike Leigh, Secrets & Lies
90.1%
SoundIndependence Day
87.8%
Visual EffectsINDEPENDENCE DAY
87.8%
Adapted ScreenplayThe Crucible
86.7%
Adapted ScreenplaySLING BLADE
86.4%
Supporting ActressJoan Allen, The Crucible
86.3%
ActorWoody Harrelson, The People vs. Larry Flynt
86%
Supporting ActressMarianne Jean-Baptiste, Secrets & Lies
86%
ActorBilly Bob Thornton, Sling Blade
85.8%
Supporting ActressLauren Bacall, The Mirror Has Two Faces
85.4%
DirectorMilos Forman, The People vs. Larry Flynt
85.1%
Supporting ActorArmin Mueller-Stahl, Shine
84.7%
DirectorScott Hicks, Shine
84.6%
Original SongThe Mirror Has Two Faces, 'I've Finally Found Someone'
84.6%
Art DirectionEvita
83.9%
CinematographyEvita
83.9%
Original SongEVITA, 'You Must Love Me'
83.9%
Film EditingEvita
83.9%
SoundEvita
83.9%
Supporting ActressBarbara Hershey, The Portrait of a Lady
83.2%
Costume DesignThe Portrait of a Lady
83.1%
ActressEmily Watson, Breaking the Waves
81.7%
Supporting ActorEdward Norton, Primal Fear
81.1%
Costume DesignEmma
80.4%
Original Musical or Comedy ScoreEMMA
80.4%
Original Musical or Comedy ScoreThe Hunchback of Notre Dame
80.1%
Supporting ActorJames Woods, Ghosts of Mississippi
79.7%
ActressDiane Keaton, Marvin's Room
79.4%
Hint Answer % Correct
MakeupGhosts of Mississippi
78.9%
SoundTwister
77.2%
Visual EffectsTwister
77.2%
Adapted ScreenplayHamlet
75.8%
Art DirectionHamlet
75.8%
Costume DesignHamlet
75.8%
Original Dramatic ScoreHamlet
75.8%
Adapted ScreenplayTrainspotting
75.4%
Sound Effects EditingTHE GHOST AND THE DARKNESS
74.9%
Original ScreenplayLone Star
72.5%
MakeupTHE NUTTY PROFESSOR
72.5%
Original SongThat Thing You Do!, 'That Thing You Do!'
70.6%
Original SongOne Fine Day, 'For the First Time'
69.3%
Art DirectionRomeo + Juliet
68.1%
CinematographyMichael Collins
67.4%
Original Dramatic ScoreMichael Collins
67.4%
Original SongUp Close and Personal, 'Because You Loved Me'
67.1%
Original Musical or Comedy ScoreThe First Wives Club
66.3%
SoundThe Rock
65.8%
Original Dramatic ScoreSleepers
64.3%
Art DirectionThe Birdcage
63.5%
Sound Effects EditingEraser
63.3%
CinematographyFly Away Home
62.8%
Costume DesignAngels and Insects
62.8%
Original Musical or Comedy ScoreJames and the Giant Peach
61.8%
MakeupStar Trek: First Contact
59.2%
Sound Effects EditingDaylight
58.9%
Visual EffectsDragonHeart
58.5%
Original Musical or Comedy ScoreThe Preacher's Wife
56.3%

You're not logged in!

Compare scores with friends on all Sporcle quizzes.
Sign Up with Email
OR
Log In

You Might Also Like...

Show Comments

Extras

Top Quizzes Today


Score Distribution

Your Account Isn't Verified!

In order to create a playlist on Sporcle, you need to verify the email address you used during registration. Go to your Sporcle Settings to finish the process.

Report this User

Report this user for behavior that violates our Community Guidelines.

Details: